000 00486nam a2200181Ia 4500
999 _c29193
_d29193
003 OSt
005 20201230153238.0
008 190216s9999||||xx |||||||||||||| ||und||
020 _a9788126414994
040 _coclc
082 _a894.8121
_bVEE/A
100 _aVeerankutti
_97582
245 0 _aAutograph /
_cVeerankutti
260 _bDc Books,
_aKottayam:
_c2007.
300 _a56p
650 _aKavitha
942 _cBK
_2ddc
_h894.8121
_iVEE/A
_k894.8121
_mVEE/A